000 00314 a2200145 4500
001 64446
020 _a8532207677
040 _cAnchieta - Pituba
100 _aAlencar, José de
240 1 0 _aA pata da gazela
_lpor
245 1 0 _aA pata da gazela
300 _a120
650 4 _aFicção brasileira
942 _cBK
999 _c64446
_d64446